000 01050nam a2200253 a 4500
001 71376
003 BD-RjUL
005 20211209082115.0
008 170502s2007 bg a|||| |||| 000 0 ben d
020 _a9840745867
_c: Tk. 90.00
035 _a(BD-RjUL)71592
040 _aBD-RjUL
_bben
_cBD-RjUL
_dBD-RjUL
041 _aben
082 _223
_a630.2515
_bALK 2007
100 1 _aআলী, মোঃ হোসেন
_9211204
245 1 _aকৃষি আবহাওয়াবিদ্যা /
_cমোঃ হোসেন আলী ও এম. জি. মোস্তাফা আমিন
260 _aঢাকা :
_bবাংলা একাডেমী,
_c২০০৭ [১৪১৪]
300 _a১৫১ পৃ. :
_bচিত্র. ;
_c২৭ সেমি.
504 _aগ্রন্থপঞ্জি সংযুক্ত
650 _aআবহাওয়া, কৃষি
_9211205
650 _aMeteorology, Agricultural
_9209742
700 _aআমিন, এম. জি. মোস্তাফা
_9211206
942 _2ddc
_cBK
999 _c71376
_d71376